[Event "Pan American Continental"]
[Site "Sao Paulo"]
[Date "2009.07.26"]
[Round "2"]
[White "Supi, Luis Paulo"]
[Black "De Assis, Rayner Vieira Ferre"]
[Result "1-0"]
[WhiteElo "2015"]
[BlackElo "1781"]
[PlyCount "53"]
[EventDate "2009.07.25"]
[EventType "swiss"]
[EventRounds "11"]
[EventCountry "BRA"]
[SourceTitle "CBM 132 Extra"]
[Source "ChessBase"]
[SourceDate "2009.11.03"]
[SourceVersion "1"]
[SourceVersionDate "2009.11.03"]
[SourceQuality "1"]

1. e4 Nf6 2. e5 Nd5 3. d4 d6 4. Nf3 e6 5. Be2 Be7 6. O-O Nd7 7. c4 Nb4 8. exd6
cxd6 9. Nc3 d5 10. a3 Nc6 11. cxd5 exd5 12. Nxd5 Nf6 13. Nxe7 Nxe7 14. Bg5 Nfd5
15. Bc4 f6 16. Bd2 Bd7 17. Re1 Kf8 18. Ne5 fxe5 19. Qf3+ Nf6 20. dxe5 Bc6 21.
exf6 Bxf3 22. fxe7+ Qxe7 23. Bb4 Qxb4 24. axb4 Bc6 25. b5 Be8 26. Ra3 Bf7 27.
Rf3 1-0

[Event "Pan American Continental"]
[Site "Sao Paulo"]
[Date "2009.07.26"]
[Round "3"]
[White "Guimaraes, Diogo Duarte"]
[Black "Supi, Luis Paulo"]
[Result "1/2-1/2"]
[WhiteElo "2232"]
[BlackElo "2015"]
[PlyCount "70"]
[EventDate "2009.07.25"]
[EventType "swiss"]
[EventRounds "11"]
[EventCountry "BRA"]
[SourceTitle "CBM 132 Extra"]
[Source "ChessBase"]
[SourceDate "2009.11.03"]
[SourceVersion "1"]
[SourceVersionDate "2009.11.03"]
[SourceQuality "1"]

1. e4 c5 2. Nf3 Nc6 3. Bb5 Nf6 4. d3 Qa5+ 5. Nc3 Nd4 6. Bc4 b5 7. Bb3 Nxb3 8.
cxb3 d6 9. O-O e5 10. Bg5 b4 11. Ne2 Be7 12. a3 O-O 13. Nd2 bxa3 14. bxa3 Be6
15. f4 exf4 16. Nxf4 c4 17. Nxe6 fxe6 18. Be3 cxd3 19. Nc4 Qh5 20. e5 dxe5 21.
Qxh5 Nxh5 22. Rxf8+ Bxf8 23. Nxe5 a5 24. Nxd3 Rb8 25. b4 axb4 26. axb4 Bxb4 27.
Ra6 Bf8 28. Rxe6 Rb3 29. Ne1 Nf6 30. Bd4 Nd5 31. Nf3 Nf4 32. Re4 Nd3 33. Nd2
Rb4 34. g3 Rxd4 35. Rxd4 Bc5 1/2-1/2

[Event "Pan American Continental"]
[Site "Sao Paulo"]
[Date "2009.07.28"]
[Round "5"]
[White "Livshits, Ron"]
[Black "Supi, Luis Paulo"]
[Result "1/2-1/2"]
[WhiteElo "2332"]
[BlackElo "2015"]
[PlyCount "36"]
[EventDate "2009.07.25"]
[EventType "swiss"]
[EventRounds "11"]
[EventCountry "BRA"]
[SourceTitle "CBM 132 Extra"]
[Source "ChessBase"]
[SourceDate "2009.11.03"]
[SourceVersion "1"]
[SourceVersionDate "2009.11.03"]
[SourceQuality "1"]

1. d4 d5 2. c4 c6 3. Nc3 Nf6 4. Nf3 e6 5. cxd5 cxd5 6. Bf4 Be7 7. e3 O-O 8. h3
a6 9. Bd3 Nc6 10. Rc1 b5 11. O-O Bb7 12. Qe2 Rc8 13. Rfd1 Qb6 14. Bb1 Qa5 15.
Bg5 b4 16. Qd3 g6 17. Ne2 Ne4 18. Bxe7 Nxe7 1/2-1/2

[Event "Sindilegis op-B"]
[Site "Sindilegis"]
[Date "2009.10.23"]
[Round "?"]
[White "Fier, Alexandr"]
[Black "Supi, Luis Paulo"]
[Result "1-0"]
[WhiteElo "2644"]
[BlackElo "2076"]
[PlyCount "33"]
[EventDate "2009.10.23"]
[EventType "swiss"]
[EventRounds "6"]
[EventCountry "BRA"]
[SourceTitle "EXT 2012"]
[Source "ChessBase"]
[SourceDate "2011.11.24"]
[SourceVersion "1"]
[SourceVersionDate "2011.11.24"]
[SourceQuality "1"]

1. d4 Nf6 2. c4 g6 3. Nc3 d5 4. Bf4 Bg7 5. e3 O-O 6. Rc1 c5 7. dxc5 Qa5 8. cxd5
Ne4 9. Nge2 Nxc5 10. a3 e5 11. Bg5 f6 12. Bh4 g5 13. Bg3 f5 14. b4 Qxa3 15.
bxc5 f4 16. Nb1 fxg3 17. Nxa3 1-0

[Event "Sindilegis op-B"]
[Site "Sindilegis"]
[Date "2009.10.24"]
[Round "?"]
[White "Marcelino, Valdenicio"]
[Black "Supi, Luis Paulo"]
[Result "0-1"]
[WhiteElo "2076"]
[BlackElo "2076"]
[PlyCount "50"]
[EventDate "2009.10.23"]
[EventType "swiss"]
[EventRounds "6"]
[EventCountry "BRA"]
[SourceTitle "EXT 2012"]
[Source "ChessBase"]
[SourceDate "2011.11.24"]
[SourceVersion "1"]
[SourceVersionDate "2011.11.24"]
[SourceQuality "1"]

1. d4 d5 2. Nf3 Nf6 3. e3 c6 4. Bd3 e6 5. Nbd2 Be7 6. b3 O-O 7. Bb2 Nbd7 8. O-O
b6 9. c4 Bb7 10. cxd5 cxd5 11. Qe2 a6 12. Rac1 b5 13. Rfd1 Qa5 14. Bb1 Rac8 15.
Ne5 Ba3 16. Nxd7 Nxd7 17. Nf3 Rfe8 18. h4 Nf6 19. Ne5 Ne4 20. Bxe4 dxe4 21.
Bxa3 Qxa3 22. Qd2 Qd6 23. Ng4 h5 24. Nh2 Qa3 25. Rf1 a5 0-1

[Event "Sindilegis op-B"]
[Site "Sindilegis"]
[Date "2009.10.25"]
[Round "?"]
[White "Cominato Neto, Jose Luis"]
[Black "Supi, Luis Paulo"]
[Result "1/2-1/2"]
[WhiteElo "2209"]
[BlackElo "2076"]
[PlyCount "47"]
[EventDate "2009.10.23"]
[EventType "swiss"]
[EventRounds "6"]
[EventCountry "BRA"]
[SourceTitle "EXT 2012"]
[Source "ChessBase"]
[SourceDate "2011.11.24"]
[SourceVersion "1"]
[SourceVersionDate "2011.11.24"]
[SourceQuality "1"]

1. e4 c5 2. Nf3 Nc6 3. d4 cxd4 4. Nxd4 Nf6 5. Nc3 e5 6. Ndb5 d6 7. a4 a6 8. Na3
Bg4 9. Be2 Bxe2 10. Qxe2 d5 11. Bg5 dxe4 12. Bxf6 Qxf6 13. O-O Bxa3 14. Rxa3
O-O 15. Rd1 Rad8 16. Nxe4 Qg6 17. Rxd8 Rxd8 18. Rd3 Nd4 19. Qe3 f5 20. Nd2 Qf6
21. c3 Nc6 22. f3 Qe7 23. b3 g6 24. Nc4 1/2-1/2

[Event "Sindilegis op-B"]
[Site "Sindilegis"]
[Date "2009.10.25"]
[Round "?"]
[White "Supi, Luis Paulo"]
[Black "Name, Gabriel Ricardo"]
[Result "1/2-1/2"]
[WhiteElo "2076"]
[BlackElo "2189"]
[PlyCount "34"]
[EventDate "2009.10.23"]
[EventType "swiss"]
[EventRounds "6"]
[EventCountry "BRA"]
[SourceTitle "EXT 2012"]
[Source "ChessBase"]
[SourceDate "2011.11.24"]
[SourceVersion "1"]
[SourceVersionDate "2011.11.24"]
[SourceQuality "1"]

1. e4 e6 2. d4 d5 3. Nc3 Bb4 4. e5 b6 5. Qg4 Bf8 6. Bg5 Qd7 7. Bb5 c6 8. Be2
Ba6 9. Bxa6 Nxa6 10. Nge2 Nc7 11. f4 Bb4 12. Qg3 Nb5 13. Qd3 Ne7 14. a3 Bxc3+
15. Nxc3 h6 16. Bxe7 Qxe7 17. a4 Nc7 1/2-1/2

[Event "Sindilegis op-B"]
[Site "Sindilegis"]
[Date "2009.10.24"]
[Round "5"]
[White "Supi, Luis Paulo"]
[Black "Awoki, Daniel Teidi"]
[Result "1-0"]
[WhiteElo "2076"]
[BlackElo "1914"]
[PlyCount "137"]
[EventDate "2009.10.23"]
[EventType "swiss"]
[EventRounds "6"]
[EventCountry "BRA"]
[SourceTitle "EXT 2012"]
[Source "ChessBase"]
[SourceDate "2011.11.24"]
[SourceVersion "1"]
[SourceVersionDate "2011.11.24"]
[SourceQuality "1"]

1. e4 c5 2. Nc3 Nc6 3. Nf3 g6 4. d4 cxd4 5. Nxd4 Bg7 6. Be3 Nf6 7. Bc4 Qa5 8.
O-O O-O 9. h3 d6 10. Re1 Bd7 11. Bb3 Rac8 12. Nd5 Nxd5 13. exd5 Nxd4 14. Bxd4
Rfe8 15. Bxg7 Kxg7 16. Qd4+ Kg8 17. Rad1 b5 18. Re2 Qc7 19. Rde1 a5 20. a3 Qd8
21. c3 a4 22. Ba2 Bf5 23. Kh2 f6 24. Re3 Kf7 25. R1e2 Rc7 26. g4 Bd7 27. f4 Qc8
28. g5 fxg5 29. fxg5 Bf5 30. Qf4 Kg8 31. Qxd6 exd6 32. Rxe8+ Kf7 33. Rxc8 Rxc8
34. Re3 h6 35. gxh6 Rh8 36. c4 bxc4 37. Bxc4 Rxh6 38. Bb5 Rh4 39. Bc6 Rc4 40.
b3 Rc2+ 41. Kg3 axb3 42. Rxb3 Kf6 43. Re3 Rc5 44. a4 Ra5 45. h4 Bc2 46. Kf4 Bf5
47. Bb5 Bc8 48. Re8 Bh3 49. Rd8 Ke7 50. Rb8 Bg2 51. Kg5 Bxd5 52. Kxg6 Be4+ 53.
Kg7 d5 54. h5 Kd6 55. h6 Ra7+ 56. Kf6 d4 57. Rd8+ Kc5 58. Rc8+ Kb4 59. Ke5 Bf3
60. Kxd4 Rh7 61. Rc4+ Ka5 62. Ke3 Bd1 63. Rh4 Bc2 64. Bd3 Re7+ 65. Kd2 Bxd3 66.
Kxd3 Rd7+ 67. Ke3 Re7+ 68. Kf4 Kxa4 69. h7 1-0

[Event "BRA-ch U18"]
[Site "Catanduva"]
[Date "2010.06.03"]
[Round "1"]
[White "Supi, Luis Paulo"]
[Black "Tomaz, Tainan Pantano"]
[Result "1-0"]
[WhiteElo "2160"]
[BlackElo "1665"]
[PlyCount "51"]
[EventDate "2010.06.03"]
[EventType "swiss"]
[EventRounds "7"]
[EventCountry "BRA"]
[SourceTitle "EXT 2011"]
[Source "ChessBase"]
[SourceDate "2010.11.26"]
[SourceVersion "1"]
[SourceVersionDate "2010.11.26"]
[SourceQuality "1"]

1. e4 c5 2. Nf3 e6 3. d4 cxd4 4. Nxd4 Nc6 5. Nxc6 bxc6 6. Bd3 d5 7. O-O Nf6 8.
Nd2 c5 9. c4 dxc4 10. Nxc4 Be7 11. Qe2 O-O 12. Bf4 Bb7 13. Rfd1 Qc8 14. Rac1
Rd8 15. b4 Nd7 16. Nd6 Qb8 17. Bb5 e5 18. Nf5 Bf8 19. Bg5 Nf6 20. Nh6+ gxh6 21.
Bxf6 Rxd1+ 22. Rxd1 Bg7 23. Rd8+ Qxd8 24. Bxd8 Rxd8 25. bxc5 Bxe4 26. Qxe4 1-0

[Event "BRA-ch U18"]
[Site "Catanduva"]
[Date "2010.06.04"]
[Round "4"]
[White "Barbosa, Evandro Amorim"]
[Black "Supi, Luis Paulo"]
[Result "1-0"]
[WhiteElo "2382"]
[BlackElo "2160"]
[PlyCount "124"]
[EventDate "2010.06.03"]
[EventType "swiss"]
[EventRounds "7"]
[EventCountry "BRA"]
[SourceTitle "EXT 2011"]
[Source "ChessBase"]
[SourceDate "2010.11.26"]
[SourceVersion "1"]
[SourceVersionDate "2010.11.26"]
[SourceQuality "1"]

1. e4 c5 2. Nf3 Nc6 3. Bb5 Nf6 4. Bxc6 dxc6 5. Nc3 Bg4 6. h3 Bh5 7. d3 Nd7 8.
Be3 e5 9. g4 Bg6 10. Qd2 Bd6 11. O-O-O Nf8 12. Ne1 Ne6 13. Ng2 Qc7 14. Rdf1 f6
15. f4 Bf7 16. Kb1 O-O-O 17. Qf2 Nd4 18. fxe5 Bxe5 19. Bf4 c4 20. Bxe5 Qxe5 21.
Nf4 Kb8 22. Rhg1 Qa5 23. Qg3 Ka8 24. g5 cxd3 25. cxd3 fxg5 26. Qxg5 Qxg5 27.
Rxg5 Ne6 28. Nxe6 Bxe6 29. Rxg7 Rxd3 30. Rxh7 Rxh3 31. Rxh3 Bxh3 32. Rh1 Rh5
33. Kc2 Kb8 34. Kd3 Kc7 35. Ke3 Kd6 36. Kf4 Bg4 37. Rxh5 Bxh5 38. Kg5 Be8 39.
Kf6 Kc5 40. e5 Kd4 41. e6 Kd3 42. Ke7 Bg6 43. Kf6 Be8 44. Kg7 b6 45. Kf8 Bg6
46. e7 Bh5 47. a3 Bg6 48. Nd1 Ke2 49. Nc3+ Kd3 50. Na2 a5 51. Nc3 b5 52. a4
bxa4 53. Nxa4 Kd4 54. Nb6 Ke5 55. Nc4+ Kd5 56. Nxa5 Kd6 57. Nb7+ Kd7 58. Nd8
Be8 59. Nxc6 Bh5 60. Ne5+ Ke6 61. Nd3 Kf5 62. b4 Ke4 1-0

[Event "BRA-ch U18"]
[Site "Catanduva"]
[Date "2010.06.05"]
[Round "5"]
[White "Supi, Luis Paulo"]
[Black "Schumyatsky, Victor"]
[Result "0-1"]
[WhiteElo "2160"]
[BlackElo "2332"]
[PlyCount "76"]
[EventDate "2010.06.03"]
[EventType "swiss"]
[EventRounds "7"]
[EventCountry "BRA"]
[SourceTitle "EXT 2011"]
[Source "ChessBase"]
[SourceDate "2010.11.26"]
[SourceVersion "1"]
[SourceVersionDate "2010.11.26"]
[SourceQuality "1"]

1. e4 c5 2. Nc3 Nc6 3. Bb5 Na5 4. Nf3 a6 5. Be2 b5 6. d4 cxd4 7. Qxd4 d6 8. a4
e5 9. Qd3 bxa4 10. Rxa4 Nc6 11. Nd5 h6 12. Be3 Rb8 13. Qc3 Nge7 14. Bxa6 Bxa6
15. Rxa6 Qc8 16. Nxe7 Qxa6 17. Qxc6+ Qxc6 18. Nxc6 Rxb2 19. Kd2 Kd7 20. Kc3 Rb5
21. Nb4 Be7 22. Nd5 Rc8+ 23. Kd3 Bd8 24. Nd2 f5 25. f3 f4 26. Bf2 Rb2 27. Nc4
Rxc4 28. Kxc4 Rxc2+ 29. Kd3 Rxf2 30. Rg1 g5 31. h3 h5 32. Kc3 Kc6 33. Kd3 Bb6
34. Rc1+ Bc5 35. Rc2 Rf1 36. Nf6 h4 37. Nd5 g4 38. Ke2 gxh3 0-1

[Event "BRA-ch U18"]
[Site "Catanduva"]
[Date "2010.06.05"]
[Round "6"]
[White "Mandetta, Joao Danilo"]
[Black "Supi, Luis Paulo"]
[Result "1/2-1/2"]
[WhiteElo "2057"]
[BlackElo "2160"]
[PlyCount "88"]
[EventDate "2010.06.03"]
[EventType "swiss"]
[EventRounds "7"]
[EventCountry "BRA"]
[SourceTitle "EXT 2011"]
[Source "ChessBase"]
[SourceDate "2010.11.26"]
[SourceVersion "1"]
[SourceVersionDate "2010.11.26"]
[SourceQuality "1"]

1. c4 e5 2. Nc3 Nc6 3. g3 g6 4. Bg2 Bg7 5. e4 d6 6. Nge2 Nge7 7. d3 Be6 8. Nd5
f5 9. Be3 O-O 10. Qd2 Qd7 11. O-O a5 12. Rac1 Rac8 13. f4 fxe4 14. dxe4 b6 15.
Nec3 Nd4 16. Bxd4 exd4 17. Nb5 Nc6 18. b3 Bg4 19. a3 Be6 20. b4 Rfe8 21. Rfe1
Rf8 22. c5 axb4 23. axb4 dxc5 24. bxc5 Na5 25. c6 Qf7 26. Qb4 Rfe8 27. Nxd4
Bxd5 28. exd5 Bxd4+ 29. Qxd4 Nb3 30. Qf2 Nxc1 31. Rxc1 Qe7 32. Bh3 Ra8 33. Be6+
Kg7 34. g4 Qb4 35. Qe3 Qb2 36. Qe5+ Qxe5 37. fxe5 Rxe6 38. dxe6 Re8 39. Rd1
Rxe6 40. Rd7+ Kh6 41. Rxc7 Rxe5 42. Rb7 Rb5 43. h4 Rc5 44. c7 b5 1/2-1/2

[Event "BRA-ch U18"]
[Site "Catanduva"]
[Date "2010.06.06"]
[Round "7"]
[White "Supi, Luis Paulo"]
[Black "Silva, Hamilton"]
[Result "1-0"]
[WhiteElo "2160"]
[BlackElo "1960"]
[PlyCount "102"]
[EventDate "2010.06.03"]
[EventType "swiss"]
[EventRounds "7"]
[EventCountry "BRA"]
[SourceTitle "EXT 2011"]
[Source "ChessBase"]
[SourceDate "2010.11.26"]
[SourceVersion "1"]
[SourceVersionDate "2010.11.26"]
[SourceQuality "1"]

1. e4 e5 2. Nf3 Nc6 3. Bb5 a6 4. Ba4 Nf6 5. O-O Be7 6. Bxc6 dxc6 7. d3 Bg4 8.
h3 Bxf3 9. Qxf3 O-O 10. Qg3 Nd7 11. f4 Bf6 12. Nc3 Qe7 13. Kh1 Rad8 14. Be3
Rfe8 15. f5 h5 16. Qf3 Bg5 17. Nd1 Bxe3 18. Nxe3 Qg5 19. Rf2 Nf6 20. g3 Rd7 21.
Rg1 Qh6 22. Kg2 Rf8 23. Kf1 g5 24. Nc4 Re7 25. Qe3 b6 26. Nd2 Kh7 27. Ke2 g4
28. h4 Rd8 29. Nc4 c5 30. Rgf1 Qxe3+ 31. Kxe3 b5 32. Na5 Rd6 33. Nb7 Rc6 34.
Na5 Rd6 35. b3 Red7 36. Nb7 Rc6 37. a4 c4 38. bxc4 bxc4 39. Na5 Rc5 40. Nxc4
Rxc4 41. dxc4 Rd4 42. c3 Rxc4 43. Kd3 Rxe4 44. Ra1 c5 45. Rb2 c4+ 46. Kd2 Nd7
47. Rb4 Nc5 48. Re1 Kg7 49. Rf1 Kf6 50. Rb6+ Ke7 51. Rc6 Nb3+ 1-0

[Event "Merli Memorial op"]
[Site "Barrinha"]
[Date "2010.07.02"]
[Round "1"]
[White "Supi, Luis Paulo"]
[Black "Ramillo, Vitoria Matheus"]
[Result "1-0"]
[WhiteElo "2160"]
[BlackElo "1633"]
[PlyCount "32"]
[EventDate "2010.07.02"]
[EventType "swiss"]
[EventRounds "6"]
[EventCountry "BRA"]
[SourceTitle "EXT 2011"]
[Source "ChessBase"]
[SourceDate "2010.11.26"]
[SourceVersion "1"]
[SourceVersionDate "2010.11.26"]
[SourceQuality "1"]

1. e4 e5 2. Nf3 Nc6 3. Bb5 a6 4. Ba4 Nf6 5. d3 d6 6. c3 Be7 7. Nbd2 O-O 8. Nf1
b5 9. Bc2 h6 10. Ng3 Re8 11. O-O Bf8 12. d4 Bb7 13. d5 Ne7 14. b3 c6 15. c4 a5
16. Be3 bxc4 1-0

[Event "Merli Memorial op"]
[Site "Barrinha"]
[Date "2010.07.02"]
[Round "2"]
[White "Brandao, Marcio Costa"]
[Black "Supi, Luis Paulo"]
[Result "1/2-1/2"]
[WhiteElo "1920"]
[BlackElo "2160"]
[PlyCount "63"]
[EventDate "2010.07.02"]
[EventType "swiss"]
[EventRounds "6"]
[EventCountry "BRA"]
[SourceTitle "EXT 2011"]
[Source "ChessBase"]
[SourceDate "2010.11.26"]
[SourceVersion "1"]
[SourceVersionDate "2010.11.26"]
[SourceQuality "1"]

1. e4 c5 2. Nf3 Nc6 3. d4 cxd4 4. Nxd4 Nf6 5. Nc3 e5 6. Ndb5 d6 7. Bg5 a6 8.
Na3 b5 9. Nd5 Be7 10. Bxf6 Bxf6 11. c3 Bg5 12. Nc2 Ne7 13. Nce3 Bxe3 14. Nxe3
Bb7 15. a4 b4 16. f3 bxc3 17. bxc3 O-O 18. Bc4 Qb6 19. Qd3 Rac8 20. Rb1 Qa7 21.
Ke2 Rcd8 22. Rhd1 Kh8 23. Nd5 Bc6 24. Nxe7 Qxe7 25. Rb6 Qc7 26. a5 f5 27. exf5
d5 28. Bxa6 Ba4 29. Rf1 Bd7 30. g4 Qc5 31. Bb5 e4 32. Qb1 1/2-1/2

[Event "Merli Memorial op"]
[Site "Barrinha"]
[Date "2010.07.03"]
[Round "3"]
[White "Supi, Luis Paulo"]
[Black "Reis, Virginia Lagrange M"]
[Result "1-0"]
[WhiteElo "2160"]
[BlackElo "1802"]
[PlyCount "41"]
[EventDate "2010.07.02"]
[EventType "swiss"]
[EventRounds "6"]
[EventCountry "BRA"]
[SourceTitle "EXT 2011"]
[Source "ChessBase"]
[SourceDate "2010.11.26"]
[SourceVersion "1"]
[SourceVersionDate "2010.11.26"]
[SourceQuality "1"]

1. e4 e5 2. Nf3 Nc6 3. Bb5 Nf6 4. O-O Be7 5. d4 exd4 6. e5 Ne4 7. Nxd4 O-O 8.
Nf5 d5 9. Bxc6 bxc6 10. Nd4 Bd7 11. f3 Ng5 12. Nb3 Ne6 13. f4 Nc5 14. Be3 Ne4
15. f5 Bg5 16. Bd4 Qe7 17. Nc3 Nxc3 18. bxc3 Rfe8 19. Qg4 g6 20. e6 gxf5 21.
Rxf5 1-0

[Event "Merli Memorial op"]
[Site "Barrinha"]
[Date "2010.07.04"]
[Round "5"]
[White "Supi, Luis Paulo"]
[Black "Horta, Marcio Rodrigues"]
[Result "1-0"]
[WhiteElo "2160"]
[BlackElo "1978"]
[PlyCount "49"]
[EventDate "2010.07.02"]
[EventType "swiss"]
[EventRounds "6"]
[EventCountry "BRA"]
[SourceTitle "EXT 2011"]
[Source "ChessBase"]
[SourceDate "2010.11.26"]
[SourceVersion "1"]
[SourceVersionDate "2010.11.26"]
[SourceQuality "1"]

1. e4 e6 2. d4 d5 3. e5 c5 4. c3 Nc6 5. Nf3 Bd7 6. a3 f6 7. Bd3 Qc7 8. Bf4 c4
9. Bc2 Nge7 10. Bg3 f5 11. h3 h6 12. h4 g6 13. Nbd2 Na5 14. Bf4 O-O-O 15. Rg1
Nec6 16. g4 Be7 17. gxf5 gxf5 18. Rg6 Rdg8 19. Rxg8+ Rxg8 20. Bxh6 Bxh4 21.
Nxh4 Rh8 22. Bg5 Nxe5 23. dxe5 Qxe5+ 24. Qe2 Qh2 25. Ndf3 1-0

[Event "Merli Memorial op"]
[Site "Barrinha"]
[Date "2010.07.04"]
[Round "6"]
[White "Aurelly, Luiz Guillerme"]
[Black "Supi, Luis Paulo"]
[Result "1-0"]
[WhiteElo "2253"]
[BlackElo "2160"]
[PlyCount "45"]
[EventDate "2010.07.02"]
[EventType "swiss"]
[EventRounds "6"]
[EventCountry "BRA"]
[SourceTitle "EXT 2011"]
[Source "ChessBase"]
[SourceDate "2010.11.26"]
[SourceVersion "1"]
[SourceVersionDate "2010.11.26"]
[SourceQuality "1"]

1. d4 Nf6 2. c4 c5 3. d5 b5 4. cxb5 a6 5. bxa6 Bxa6 6. Nc3 g6 7. Nf3 d6 8. g3
Bg7 9. Bg2 O-O 10. O-O Nbd7 11. Rb1 Qa5 12. Bd2 Nb6 13. b3 Bb7 14. a4 Ng4 15.
Nb5 Qa6 16. Nc7 Qa7 17. Nxa8 Qxa8 18. h3 Nf6 19. b4 Nfxd5 20. bxc5 dxc5 21. e4
Nb4 22. Bxb4 cxb4 23. Rxb4 1-0

[Event "Pan American U14"]
[Site "Bento Goncalves"]
[Date "2010.08.02"]
[Round "1"]
[White "Esteves, Igor Silva Mota"]
[Black "Supi, Luis Paulo"]
[Result "0-1"]
[WhiteElo "1747"]
[BlackElo "2160"]
[PlyCount "58"]
[EventDate "2010.08.02"]
[EventType "swiss"]
[EventRounds "9"]
[EventCountry "BRA"]
[SourceTitle "EXT 2013"]
[Source "ChessBase"]
[SourceDate "2012.11.22"]
[SourceVersion "1"]
[SourceVersionDate "2012.11.22"]
[SourceQuality "1"]

1. e4 c5 2. Nf3 Nc6 3. d4 cxd4 4. Nxd4 e6 5. Nc3 Qc7 6. Nxc6 bxc6 7. Bd3 d5 8.
exd5 cxd5 9. Qe2 Nf6 10. a3 Be7 11. O-O O-O 12. Qf3 Bb7 13. Re1 d4 14. Ne4 Nxe4
15. Bxe4 Bxe4 16. Qxe4 Bf6 17. Bf4 Qb6 18. Rab1 Rac8 19. Rec1 Rfd8 20. Be5 Bxe5
21. Qxe5 Rd5 22. Qg3 Rb5 23. b3 Rbc5 24. Qf3 Rc3 25. Qe4 d3 26. Rb2 f5 27. Qa4
h6 28. b4 Qd4 29. Qa6 R3c6 0-1

[Event "Pan American U14"]
[Site "Bento Goncalves"]
[Date "2010.08.03"]
[Round "2"]
[White "Supi, Luis Paulo"]
[Black "Quispe, Juan Gabriel"]
[Result "1-0"]
[WhiteElo "2160"]
[BlackElo "1926"]
[PlyCount "104"]
[EventDate "2010.08.02"]
[EventType "swiss"]
[EventRounds "9"]
[EventCountry "BRA"]
[SourceTitle "EXT 2013"]
[Source "ChessBase"]
[SourceDate "2012.11.22"]
[SourceVersion "1"]
[SourceVersionDate "2012.11.22"]
[SourceQuality "1"]

1. d4 Nf6 2. Bg5 e6 3. Nd2 h6 4. Bh4 d5 5. e3 c5 6. c3 Nc6 7. f4 Be7 8. Bd3
cxd4 9. exd4 Qc7 10. Qf3 Qb6 11. Bxf6 Bxf6 12. Rb1 a6 13. Ne2 Bd7 14. O-O O-O
15. Kh1 g6 16. Qh3 Bg7 17. Qf3 Qd8 18. Qf2 Ne7 19. Ng1 Kh8 20. Ngf3 f6 21. Qe2
Rg8 22. Nb3 b6 23. Nh4 Bf8 24. Bxa6 Ra7 25. a3 Qe8 26. Bd3 Qf7 27. Nf3 Nc6 28.
Bb5 Bd6 29. Qe3 Nb8 30. Bxd7 Rxd7 31. Ne5 fxe5 32. fxe5 Qg7 33. exd6 Rxd6 34.
Nc1 Nc6 35. Nd3 Re8 36. Rbd1 Rd7 37. Qf2 Ree7 38. Nf4 Nd8 39. Qg3 Kh7 40. Qh3
Rd6 41. Qg3 Rdd7 42. Nd3 Nf7 43. Qf4 g5 44. Qb8 Rb7 45. Qg3 Rbd7 46. Rf2 Rb7
47. Rfd2 Qf6 48. Qh3 Nd8 49. Rf2 Qg7 50. Ne5 Nf7 51. Nxf7 Rxf7 52. Rxf7 Qxf7 {
resto ilegivel} 1-0

[Event "Pan American U14"]
[Site "Bento Goncalves"]
[Date "2010.08.03"]
[Round "3"]
[White "Principe Tolentino, Manuel Alexan"]
[Black "Supi, Luis Paulo"]
[Result "0-1"]
[WhiteElo "1957"]
[BlackElo "2160"]
[PlyCount "70"]
[EventDate "2010.08.02"]
[EventType "swiss"]
[EventRounds "9"]
[EventCountry "BRA"]
[SourceTitle "EXT 2013"]
[Source "ChessBase"]
[SourceDate "2012.11.22"]
[SourceVersion "1"]
[SourceVersionDate "2012.11.22"]
[SourceQuality "1"]

1. d4 Nf6 2. Nf3 g6 3. e3 Bg7 4. b3 O-O 5. Bb2 d6 6. Bd3 Nbd7 7. Nbd2 Re8 8.
O-O e5 9. dxe5 dxe5 10. e4 Nh5 11. Nc4 f6 12. Re1 Nc5 13. b4 Na4 14. c3 Nxb2
15. Nxb2 Be6 16. Bc4 Nf4 17. g3 Bxc4 18. Nxc4 Ne6 19. Qb3 Qe7 20. Rad1 Kh8 21.
Ne3 c6 22. Rd3 Rad8 23. Red1 Rxd3 24. Rxd3 f5 25. exf5 e4 26. Rd1 Nf4 27. Nd4
Bxd4 28. cxd4 Nd3 29. f4 gxf5 30. Nxf5 Qf6 31. Nh4 Qxd4+ 32. Kg2 Rg8 33. f5
Qf2+ 34. Kh3 Qe2 35. Qc3+ Rg7 0-1

[Event "Pan American U14"]
[Site "Bento Goncalves"]
[Date "2010.08.04"]
[Round "4"]
[White "Supi, Luis Paulo"]
[Black "Henriquez Villagra, Cristobal"]
[Result "1-0"]
[WhiteElo "2160"]
[BlackElo "2143"]
[PlyCount "111"]
[EventDate "2010.08.02"]
[EventType "swiss"]
[EventRounds "9"]
[EventCountry "BRA"]
[SourceTitle "EXT 2013"]
[Source "ChessBase"]
[SourceDate "2012.11.22"]
[SourceVersion "1"]
[SourceVersionDate "2012.11.22"]
[SourceQuality "1"]

1. e4 c5 2. Nc3 a6 3. Nf3 d6 4. d4 cxd4 5. Nxd4 Nf6 6. Be3 e5 7. Nf3 Be7 8. Bc4
O-O 9. O-O Nbd7 10. Bb3 b5 11. Re1 Bb7 12. Bg5 Rc8 13. Bxf6 Nxf6 14. Qd2 Rc5
15. a3 Qa8 16. Qd3 h6 17. Nh4 Rxc3 18. Qxc3 Nxe4 19. Qh3 Qa7 20. Re2 d5 21. Nf5
Bg5 22. Rd1 Qc5 23. Qd3 g6 24. Ne3 Nf6 25. Nxd5 Bxd5 26. Bxd5 Nxd5 27. Rxe5 Rd8
28. Rxd5 Rxd5 29. Qxd5 Qxc2 30. b3 Qb2 31. a4 bxa4 32. bxa4 Bf6 33. Qc4 a5 34.
g3 Qb7 35. Rd5 Qb1+ 36. Kg2 Qb7 37. Qb5 Qe7 38. Qd3 Qb7 39. Qf3 Qa6 40. h4 Kg7
41. Rb5 h5 42. Qb7 Qe6 43. Rxa5 Bxh4 44. Qd5 Qb6 45. gxh4 Qb4 46. f3 Qb2+ 47.
Kg3 Qc1 48. Qd4+ Kh7 49. Re5 Qc7 50. Qf4 Qa7 51. Kg2 Qd7 52. a5 Kg7 53. Re2 Qd3
54. Qe4 Qa3 55. Qe5+ Kh6 56. Qh8# 1-0

[Event "Pan American U14"]
[Site "Bento Goncalves"]
[Date "2010.08.05"]
[Round "5"]
[White "Vazquez, Guillermo"]
[Black "Supi, Luis Paulo"]
[Result "1-0"]
[WhiteElo "2084"]
[BlackElo "2160"]
[PlyCount "91"]
[EventDate "2010.08.02"]
[EventType "swiss"]
[EventRounds "9"]
[EventCountry "BRA"]
[SourceTitle "EXT 2013"]
[Source "ChessBase"]
[SourceDate "2012.11.22"]
[SourceVersion "1"]
[SourceVersionDate "2012.11.22"]
[SourceQuality "1"]

1. Nf3 Nf6 2. g3 g6 3. Bg2 Bg7 4. O-O O-O 5. d4 d6 6. c4 Nc6 7. Nc3 a6 8. Bd2
Rb8 9. Rc1 Bd7 10. d5 Na5 11. b3 c5 12. e4 Ng4 13. h3 Ne5 14. Nxe5 Bxe5 15. Qe1
b5 16. f4 Bd4+ 17. Kh2 bxc4 18. Ne2 c3 19. Nxc3 Nb7 20. e5 f6 21. e6 Bb5 22.
Nxb5 axb5 23. f5 g5 24. h4 h6 25. Qe2 Qe8 26. Bf3 c4 27. Bh5 Qc8 28. Bf7+ Kg7
29. Qh5 Rh8 30. Qg6+ Kf8 31. hxg5 fxg5 32. f6 exf6 33. Rxf6 Ke7 34. Bc3 Bxc3
35. Rxc3 Nc5 36. Rf1 Kd8 37. Qg7 Kc7 38. Bg8+ Kb6 39. Qxh8 cxb3 40. axb3 Qxg8
41. Qxg8 Rxg8 42. b4 Ne4 43. Rc6+ Kb7 44. Rf7+ Kb8 45. e7 Re8 46. Rf8 1-0